000 00688nam a22002057a 4500
003 OSt
005 20260114041302.0
008 260114b |||||||| |||| 00| 0 eng d
020 _a13: 978-007-125442-7.
040 _aDWCL-Main lib
_cOC
082 _24th ed.
_aCirc. 004.62 F728d 2007
100 _aForouzan, Behrouz A.
245 _aData communications and networking 4th ed.
_cForouzan, Behrouz A.
260 _aSingapore :
_bMc-Graw-Hill Education (Asia),
_cc2007.
300 _axxxiv, 1134 pages :
_billustration ;
_c23 cm.
650 _21. Computer Networks.
650 _22. Data transmission systems.
700 _aFegan, Sophiia Chung
942 _2ddc
_cBK-CIRC
_e4th ed.
_kCirc.
_n0
999 _c7375
_d7375